Las Invasiones Inglesas : Historia Argentina /
Documental Educativo
Guardado en:
| Formato: | Libro |
|---|---|
| Idioma: | Spanish |
| Publicado: |
Bahía Blanca :
Fundación Bolsa de Comercio de Bahía Blanca,
2011
|
| Etiquetas: |
Agregar Etiqueta
Sin Etiquetas, Sea el primero en etiquetar este registro!
|
| LEADER | 00493nam a22001455a 4500 | ||
|---|---|---|---|
| 001 | DER.der011266 | ||
| 005 | 20110929000000.0 | ||
| 008 | 180615s2011####||||||||||||||||||||spa|| | ||
| 245 | 1 | 0 | |a Las Invasiones Inglesas : |b Historia Argentina / |c Fundación Bolsa de Comercio de Bahía Blanca |
| 260 | |a Bahía Blanca : |b Fundación Bolsa de Comercio de Bahía Blanca, |c 2011 | ||
| 300 | 0 | |b 1 DVD | |
| 309 | |a Video | ||
| 500 | 0 | |a Duración 22 min. | |
| 520 | |a Documental Educativo | ||
| 859 | |a DERECHO |b BIB. DERECHO |p 006645 | ||
